[Event "Pardubice Region-chT 2223"]
[Site "Czech Republic"]
[Date "2023.04.02"]
[Round "11.7"]
[White "Snevajs, Herman"]
[Black "Ambrozova, Lucie"]
[Result "1/2-1/2"]
[WhiteElo "2007"]
[BlackElo "1845"]
[PlyCount "105"]
[EventDate "2022.10.09"]
[EventType "team-tourn"]
[EventRounds "11"]
[EventCountry "CZE"]
[SourceTitle "EXT 2024"]
[Source "ChessBase"]
[SourceDate "2023.10.10"]
[SourceVersion "1"]
[SourceVersionDate "2023.10.10"]
[SourceQuality "1"]

1. e4 c5 2. Nf3 d6 3. d4 cxd4 4. Nxd4 Nf6 5. Nc3 g6 6. Be3 Bg7 7. f3 0-0 8. Qd2 Nc6 9. g4 Nxd4 10. Bxd4 Be6 11. h4 Qa5 12. h5 Rac8 13. hxg6 fxg6 14. g5 Nh5 15. Bxg7 Kxg7 16. 0-0-0 Kg8 17. Bh3 Bxh3 18. Rxh3 Nf4 19. Rh4 Qxg5 20. Rg4 Qe5 21. Qe3 Rc5 22. Rh1 Rf7 23. Rhh4 Ne6 24. f4 Qd4 25. Qg3 Nf8 26. f5 Qe5 27. Qg2 e6 28. fxg6 Nxg6 29. Rh3 Rg7 30. Rhg3 Rcc7 31. Qf2 b6 32. Kd1 Rcf7 33. Qe3 Rf4 34. Rxf4 Qxf4 35. Qxf4 Nxf4 36. Rxg7+ Kxg7 37. Nb5 h5 38. Nxd6 Kf6 39. Nc4 b5 40. Nd2 Ke5 41. Ke1 Nh3 42. Kf1 Ng5 43. Kg2 Kf4 44. c4 Nxe4 45. Nxe4 Kxe4 46. cxb5 Kd4 47. a4 Kc4 48. b3+ Kc5 49. Kg3 e5 50. Kh4 e4 51. Kg3 Kd4 52. a5 Kc5 53. b6 1/2-1/2

[Event "CZE-chT U18 Extraliga final-A 1819"]
[Site "Czech Republic"]
[Date "2019.04.14"]
[Round "11.4"]
[White "Martirosyan, Ara"]
[Black "Ambrozova, Lucie"]
[Result "1/2-1/2"]
[WhiteElo "1976"]
[BlackElo "1843"]
[PlyCount "35"]
[EventDate "2018.10.05"]
[EventType "team-tourn"]
[EventRounds "11"]
[EventCountry "CZE"]
[SourceTitle "EXT 2023"]
[Source "ChessBase"]
[SourceDate "2022.10.05"]
[SourceVersion "1"]
[SourceVersionDate "2022.10.05"]
[SourceQuality "1"]
[WhiteTeam "Praha Porg (U18)"]
[BlackTeam "Stare Mesto (U18)"]
[WhiteTeamCountry "CZE"]
[BlackTeamCountry "CZE"]

1. d4 d5 2. Bf4 Nf6 3. Nf3 c5 4. e3 Nc6 5. c3 Qb6 6. Qc2 e6 7. Nbd2 cxd4 8. exd4 Bd7 9. Ne5 Rc8 10. Nxc6 Bxc6 11. Bd3 Bb5 12. Nb3 Be7 13. 0-0 Bxd3 14. Qxd3 a5 15. Rab1 0-0 16. Nd2 a4 17. Rfe1 h6 18. h3 1/2-1/2

[Event "CZE-chT U18 Extraliga final-A 1819"]
[Site "Czech Republic"]
[Date "2019.04.13"]
[Round "9.5"]
[White "Ambrozova, Lucie"]
[Black "Hak, David"]
[Result "0-1"]
[WhiteElo "1843"]
[BlackElo "1946"]
[PlyCount "88"]
[EventDate "2018.10.05"]
[EventType "team-tourn"]
[EventRounds "11"]
[EventCountry "CZE"]
[SourceTitle "EXT 2023"]
[Source "ChessBase"]
[SourceDate "2022.10.05"]
[SourceVersion "1"]
[SourceVersionDate "2022.10.05"]
[SourceQuality "1"]
[WhiteTeam "Stare Mesto (U18)"]
[BlackTeam "Klatovy (U18)"]
[WhiteTeamCountry "CZE"]
[BlackTeamCountry "CZE"]

1. e4 e6 2. d4 d5 3. Nc3 Bb4 4. e5 c5 5. a3 Ba5 6. b4 cxd4 7. Nb5 Bc7 8. f4 a6 9. Nxd4 Nc6 10. Nxc6 bxc6 11. Be3 Bb6 12. Bxb6 Qxb6 13. Qd2 Ne7 14. Nf3 a5 15. c3 Ba6 16. Bxa6 Rxa6 17. Qd4 Kd7 18. 0-0 Qxd4+ 19. Nxd4 axb4 20. cxb4 Rha8 21. Nc2 Nc8 22. Ra2 Nb6 23. Rfa1 Ra4 24. Kf2 Nc4 25. Ke2 f6 26. exf6 gxf6 27. Kd3 e5 28. fxe5 fxe5 29. Kc3 Ke6 30. Kb3 R4a7 31. a4 Rg8 32. Ne1 e4 33. Rf2 Nd6 34. Nc2 Ke5 35. Kc3 Rag7 36. Nd4 e3 37. Nxc6+ Ke4 38. Re2 Rc8 39. b5 d4+ 40. Kb3 d3 41. Ree1 d2 42. Rg1 e2 43. g3 Ke3 44. a5 Kf2 0-1

[Event "CZE-chT U18 Extraliga Ost 1819"]
[Site "Czech Republic"]
[Date "2019.01.19"]
[Round "7.5"]
[White "Ambrozova, Lucie"]
[Black "Jares, Michal"]
[Result "0-1"]
[WhiteElo "1843"]
[BlackElo "1893"]
[PlyCount "66"]
[EventDate "2018.10.05"]
[EventType "team-tourn"]
[EventRounds "11"]
[EventCountry "CZE"]
[SourceTitle "EXT 2023"]
[Source "ChessBase"]
[SourceDate "2022.10.05"]
[SourceVersion "1"]
[SourceVersionDate "2022.10.05"]
[SourceQuality "1"]
[WhiteTeam "Stare Mesto (U18)"]
[BlackTeam "Polabiny (U18)"]
[WhiteTeamCountry "CZE"]
[BlackTeamCountry "CZE"]

1. e4 c5 2. Nf3 Nc6 3. d4 cxd4 4. Nxd4 Nf6 5. Nc3 e5 6. Ndb5 d6 7. Nd5 Nxd5 8. exd5 Ne7 9. c3 Ng6 10. Qa4 Bd7 11. Qb4 Qb8 12. Qc4 Kd8 13. Be3 b6 14. a4 a6 15. Na3 b5 16. axb5 axb5 17. Qb3 f5 18. Rc1 f4 19. Bd2 Be7 20. Bd3 Nh4 21. 0-0 Qc8 22. f3 Rb8 23. Kh1 g5 24. Bxb5 Bxb5 25. Nxb5 g4 26. c4 gxf3 27. gxf3 Qh3 28. Rf2 Rg8 29. Ba5+ Ke8 30. Rcc2 Nf5 31. Rg2 Kf7 32. Rcf2 Ne3 33. Bd2 Rxg2 0-1

[Event "CZE-chT U18 Extraliga Ost 1819"]
[Site "Czech Republic"]
[Date "2018.10.07"]
[Round "3.5"]
[White "Ambrozova, Lucie"]
[Black "Dudova, Pavlina"]
[Result "1-0"]
[WhiteElo "1843"]
[BlackElo "1457"]
[PlyCount "57"]
[EventDate "2018.10.05"]
[EventType "team-tourn"]
[EventRounds "11"]
[EventCountry "CZE"]
[SourceTitle "EXT 2023"]
[Source "ChessBase"]
[SourceDate "2022.10.05"]
[SourceVersion "1"]
[SourceVersionDate "2022.10.05"]
[SourceQuality "1"]
[WhiteTeam "Stare Mesto (U18)"]
[BlackTeam "Frydek Mistek BSS (U18) II"]
[WhiteTeamCountry "CZE"]
[BlackTeamCountry "CZE"]

1. e4 e5 2. Nc3 Nf6 3. f4 d5 4. fxe5 Nxe4 5. Nf3 Be7 6. Qe2 Nxc3 7. dxc3 0-0 8. Bf4 Be6 9. 0-0-0 c6 10. h4 b5 11. Ng5 h6 12. Qd3 hxg5 13. hxg5 g6 14. Qg3 f6 15. gxf6 Bf5 16. Qh4 Kf7 17. Qh7+ Ke6 18. Bg5 Bc5 19. Bd3 Bxd3 20. cxd3 Qe8 21. Qh3+ Kf7 22. Rde1 Qe6 23. Qh7+ Ke8 24. Qxg6+ Qf7 25. Qf5 Na6 26. e6 Qc7 27. f7+ Rxf7 28. exf7+ Kf8 29. Bh6# 1-0

[Event "CZE-chT U18 Extraliga Ost 1819"]
[Site "Czech Republic"]
[Date "2018.10.06"]
[Round "2.5"]
[White "Sebesta, Jan2222"]
[Black "Ambrozova, Lucie"]
[Result "1/2-1/2"]
[WhiteElo "1777"]
[BlackElo "1843"]
[PlyCount "88"]
[EventDate "2018.10.05"]
[EventType "team-tourn"]
[EventRounds "11"]
[EventCountry "CZE"]
[SourceTitle "EXT 2023"]
[Source "ChessBase"]
[SourceDate "2022.10.05"]
[SourceVersion "1"]
[SourceVersionDate "2022.10.05"]
[SourceQuality "1"]
[WhiteTeam "Orlova Slavia (U18)"]
[BlackTeam "Stare Mesto (U18)"]
[WhiteTeamCountry "CZE"]
[BlackTeamCountry "CZE"]

1. e4 c5 2. c3 Nf6 3. e5 Nd5 4. d4 cxd4 5. Nf3 Nc6 6. cxd4 d6 7. Nc3 Nxc3 8. bxc3 dxe5 9. d5 e4 10. dxc6 Qxd1+ 11. Kxd1 exf3 12. Bb5 Kd8 13. gxf3 e5 14. Be3 Kc7 15. cxb7 Bxb7 16. Ke2 Bc6 17. Bxc6 Kxc6 18. f4 Bd6 19. fxe5 Bxe5 20. Bd4 Rhe8 21. Kd3 Rad8 22. Rab1 Rd5 23. Rb4 Red8 24. h3 Bxd4 25. Rxd4 Kc5 26. Rc1 Rb8 27. Rc2 Rb1 28. Rxd5+ Kxd5 29. Re2 Kd6 30. Kc4 Rh1 31. Re3 Rf1 32. Rf3 f6 33. Kb5 Rb1+ 34. Kc4 Ra1 35. Rd3+ Kc6 36. Rd2 Rh1 37. Rd3 Re1 38. Rd2 Re4+ 39. Kb3 Rh4 40. Rd3 Rf4 41. Re3 Kd7 42. Rg3 g5 43. Rd3+ Ke7 44. Re3+ Kd7 1/2-1/2

[Event "CZE-chT U18 Extraliga final-B 1718"]
[Site "Czech Republic"]
[Date "2018.04.22"]
[Round "11.4"]
[White "Ambrozova, Lucie"]
[Black "Lukes, Martin1111"]
[Result "1-0"]
[WhiteElo "1910"]
[BlackElo "1625"]
[PlyCount "87"]
[EventDate "2017.10.07"]
[EventType "team-tourn"]
[EventRounds "11"]
[EventCountry "CZE"]
[SourceTitle "EXT 2023"]
[Source "ChessBase"]
[SourceDate "2022.10.05"]
[SourceVersion "1"]
[SourceVersionDate "2022.10.05"]
[SourceQuality "1"]
[WhiteTeam "Stare Mesto (U18)"]
[BlackTeam "Praha Promat Oaza (U18)"]
[WhiteTeamCountry "CZE"]
[BlackTeamCountry "CZE"]

1. e4 e5 2. Nc3 Nf6 3. f4 d5 4. fxe5 Nxe4 5. Nf3 Bc5 6. d4 Bb4 7. Bd2 c5 8. Bb5+ Bd7 9. Bxd7+ Nxd7 10. Qe2 Nxd2 11. Qxd2 0-0 12. a3 cxd4 13. axb4 dxc3 14. Qxc3 Re8 15. 0-0-0 Nxe5 16. Nxe5 Qg5+ 17. Qd2 Rxe5 18. Qxg5 Rxg5 19. g3 f6 20. Rd4 Kf7 21. Rhd1 Ke6 22. c3 Re5 23. R1d2 Rc8 24. Kc2 Rc7 25. Kb3 b5 26. Kc2 Kd6 27. Kb3 Kc6 28. Rd1 Rce7 29. Ra1 Kb6 30. Rad1 a6 31. Rxd5 Rxd5 32. Rxd5 Kc6 33. Rd2 g6 34. Kc2 h5 35. Kd1 Rd7 36. Rxd7 Kxd7 37. Ke2 Ke6 38. Ke3 g5 39. b3 f5 40. Kd4 h4 41. gxh4 gxh4 42. h3 Kd6 43. c4 bxc4 44. bxc4 1-0

[Event "Vsetin op"]
[Site "Vsetin"]
[Date "2017.07.05"]
[Round "5"]
[White "Ambrozova, Lucie"]
[Black "Ruessel, Bernhard"]
[Result "1-0"]
[WhiteElo "1875"]
[BlackElo "1928"]
[PlyCount "57"]
[EventDate "2017.07.01"]
[EventType "swiss"]
[EventRounds "9"]
[EventCountry "CZE"]
[SourceTitle "CBM 179 Extra"]
[Source "ChessBase"]
[SourceDate "2017.08.23"]
[SourceVersion "1"]
[SourceVersionDate "2017.08.23"]
[SourceQuality "1"]

1. e4 c6 2. d4 d5 3. e5 Bf5 4. Nf3 e6 5. Be2 c5 6. c3 Nc6 7. 0-0 Nge7 8. Nh4 cxd4 9. cxd4 Qb6 10. Nc3 Qxd4 11. Nb5 Qxe5 12. g3 Qb8 13. Bf4 e5 14. Nxf5 Nxf5 15. Qxd5 a6 16. Bc4 axb5 17. Qxf7+ Kd8 18. Be6 Nfe7 19. Rfd1+ Kc7 20. Be3 Nd4 21. Rxd4 exd4 22. Bf4+ Kb6 23. Bxb8 Rxb8 24. Rc1 Nc6 25. Bd7 Bc5 26. Qd5 Be7 27. Bxc6 bxc6 28. Rxc6+ Ka5 29. Qe6 1-0

[Event "Vsetin op"]
[Site "Vsetin"]
[Date "2017.07.05"]
[Round "6"]
[White "Kapusta, Petr"]
[Black "Ambrozova, Lucie"]
[Result "1-0"]
[WhiteElo "2175"]
[BlackElo "1875"]
[PlyCount "33"]
[EventDate "2017.07.01"]
[EventType "swiss"]
[EventRounds "9"]
[EventCountry "CZE"]
[SourceTitle "CBM 179 Extra"]
[Source "ChessBase"]
[SourceDate "2017.08.23"]
[SourceVersion "1"]
[SourceVersionDate "2017.08.23"]
[SourceQuality "1"]

1. e4 c5 2. Nf3 d6 3. d4 cxd4 4. Nxd4 Nf6 5. Nc3 g6 6. Bc4 Bg7 7. 0-0 0-0 8. Re1 Nc6 9. Nxc6 bxc6 10. Bb3 Ba6 11. Bg5 Nd7 12. Qd2 Ne5 13. Bh6 Bxh6 14. Qxh6 Nc4 15. Bxc4 Bxc4 16. e5 dxe5 17. Re4 1-0

[Event "Vsetin op"]
[Site "Vsetin"]
[Date "2017.07.01"]
[Round "1"]
[White "Ambrozova, Lucie"]
[Black "Bednarik, Josef"]
[Result "1/2-1/2"]
[WhiteElo "1875"]
[BlackElo "2183"]
[PlyCount "143"]
[EventDate "2017.07.01"]
[EventType "swiss"]
[EventRounds "9"]
[EventCountry "CZE"]
[SourceTitle "CBM 179 Extra"]
[Source "ChessBase"]
[SourceDate "2017.08.23"]
[SourceVersion "1"]
[SourceVersionDate "2017.08.23"]
[SourceQuality "1"]

1. e4 c5 2. Nf3 Nc6 3. d4 cxd4 4. Nxd4 Nf6 5. Nc3 e5 6. Ndb5 d6 7. Nd5 Nxd5 8. exd5 Nb8 9. c4 Be7 10. Be2 0-0 11. f4 a6 12. Nc3 Nd7 13. fxe5 Nxe5 14. 0-0 f5 15. Be3 Bd7 16. c5 Rc8 17. b4 Be8 18. Bd4 Ng6 19. c6 bxc6 20. Bxa6 Rb8 21. dxc6 Rxb4 22. Nd5 Rxd4 23. Qxd4 Bxc6 24. Qc4 Bxd5 25. Qxd5+ Kh8 26. Bd3 Bf6 27. Rab1 Be5 28. Rxf5 Re8 29. Rh5 Nf8 30. Rf1 Bf6 31. Rxh7+ Nxh7 32. Qh5 Kg8 33. Qxh7+ Kf8 34. Qh8+ Kf7 35. Qh5+ Kf8 36. Bc4 Qb6+ 37. Kh1 Ke7 38. Re1+ Be5 39. Rf1 Kd8 40. Qh4+ Bf6 41. Qg4 Qb7 42. Rd1 Qb6 43. Qf5 Re5 44. Qd3 Ke7 45. a4 Qb4 46. Rb1 Re1+ 47. Rxe1+ Qxe1+ 48. Qf1 Qb4 49. Bb5 Be5 50. Qf3 g5 51. Qb7+ Kf6 52. Qf3+ Kg7 53. Qf5 Qe1+ 54. Bf1 Bf4 55. Qd3 Qa1 56. Qc4 Kf6 57. h4 Qe1 58. hxg5+ Kxg5 59. Qd5+ Kf6 60. Qf3 Kg5 61. Qd5+ Be5 62. Qf3 d5 63. Kg1 Bd4+ 64. Kh2 Qh4+ 65. Qh3 Be5+ 66. Kg1 Qxa4 67. Qe3+ Kf6 68. Qh6+ Kf7 69. Qh5+ Ke6 70. Qg6+ Bf6 71. Qg8+ Ke5 72. Qb8+ 1/2-1/2

[Event "CZE-chT U18 Extraliga final-A 1617"]
[Site "Czech Republic"]
[Date "2017.04.23"]
[Round "11.6"]
[White "Dolezalova, Lada"]
[Black "Ambrozova, Lucie"]
[Result "1/2-1/2"]
[WhiteElo "1779"]
[BlackElo "1808"]
[PlyCount "91"]
[EventDate "2016.10.01"]
[EventType "team-tourn"]
[EventRounds "11"]
[EventCountry "CZE"]
[SourceTitle "EXT 2022"]
[Source "ChessBase"]
[SourceDate "2021.10.06"]
[SourceVersion "1"]
[SourceVersionDate "2021.10.06"]
[SourceQuality "1"]
[WhiteTeam "Klatovy U18"]
[BlackTeam "Stare Mesto U18"]
[WhiteTeamCountry "CZE"]
[BlackTeamCountry "CZE"]

1. e4 c5 2. Nc3 Nc6 3. f4 g6 4. Nf3 Bg7 5. Bc4 e6 6. f5 Nge7 7. fxe6 fxe6 8. d3 0-0 9. 0-0 Nd4 10. Bg5 h6 11. Bh4 g5 12. Bg3 d5 13. Bb3 Nxb3 14. axb3 Nc6 15. Qe2 d4 16. Nb5 e5 17. Na3 Qc7 18. Qd2 Be6 19. Rac1 a6 20. Qe1 b5 21. Nb1 a5 22. Nbd2 Nb4 23. Qe2 Rfd8 24. Ne1 a4 25. bxa4 Rxa4 26. c3 dxc3 27. bxc3 Na2 28. Rc2 Qa5 29. c4 Nc3 30. Qh5 Rf8 31. Rxf8+ Kxf8 32. cxb5 Ra2 33. Rxa2 Qxa2 34. Qf3+ Kg8 35. Nc4 Bxc4 36. dxc4 Qxc4 37. b6 Ne2+ 38. Kh1 Nxg3+ 39. hxg3 Qb4 40. Qd1 Qxb6 41. Qd5+ Kh7 42. Nd3 Qf6 43. Nxc5 Qf2 44. Ne6 Qxg3 45. Qd7 Qh4+ 46. Kg1 1/2-1/2

[Event "CZE-chT U18 Extraliga Ost 1617"]
[Site "Czech Republic"]
[Date "2017.01.21"]
[Round "7.6"]
[White "Neumann, Filip"]
[Black "Ambrozova, Lucie"]
[Result "0-1"]
[WhiteElo "1730"]
[BlackElo "1808"]
[PlyCount "102"]
[EventDate "2016.10.01"]
[EventType "team-tourn"]
[EventRounds "11"]
[EventCountry "CZE"]
[SourceTitle "EXT 2022"]
[Source "ChessBase"]
[SourceDate "2021.10.06"]
[SourceVersion "1"]
[SourceVersionDate "2021.10.06"]
[SourceQuality "1"]
[WhiteTeam "Orlova Slavia U18"]
[BlackTeam "Stare Mesto U18"]
[WhiteTeamCountry "CZE"]
[BlackTeamCountry "CZE"]

1. d4 Nf6 2. c4 g6 3. Nc3 d5 4. Nf3 Bg7 5. e3 0-0 6. b4 b6 7. Bb2 Bb7 8. Be2 dxc4 9. Bxc4 Nbd7 10. 0-0 c5 11. bxc5 bxc5 12. dxc5 Nxc5 13. Qe2 Qc7 14. Nb5 Qb6 15. a4 a6 16. a5 Qc6 17. Nbd4 Qc7 18. Rfc1 Ng4 19. h3 Ne5 20. Nxe5 Qxe5 21. Rab1 Qc7 22. Ba3 Kh8 23. Bxc5 Qxc5 24. Rxb7 Qxa5 25. Rxe7 Qa3 26. Rb1 Qxe7 27. Bxa6 Rfe8 28. Bb5 Bxd4 29. Bxe8 Qxe8 30. Qc4 Bg7 31. Rb7 Kg8 32. Kh2 Rb8 33. Ra7 Rc8 34. Qa2 Rb8 35. Qc4 Rb2 36. Qa6 Qe5+ 37. f4 Qxe3 38. Ra8+ Bf8 39. Qd6 Rxg2+ 40. Kxg2 Qe4+ 41. Kf2 Qxa8 42. Qe5 Qa2+ 43. Kg3 Qa3+ 44. Kg2 Qd6 45. Qe4 Bh6 46. f5 gxf5 47. Qa8+ Kg7 48. Qf3 Qd2+ 49. Kf1 Qf4 50. Kg2 Qxf3+ 51. Kxf3 Kf6 0-1

[Event "CZE-ch U18/U20 Girls"]
[Site "Kovarska"]
[Date "2016.11.15"]
[Round "3"]
[White "Ambrozova, Lucie"]
[Black "Janska, Jitka"]
[Result "1-0"]
[WhiteElo "1830"]
[BlackElo "2125"]
[PlyCount "85"]
[EventDate "2016.11.13"]
[EventType "swiss"]
[EventRounds "9"]
[EventCountry "CZE"]
[SourceTitle "EXT 2022"]
[Source "ChessBase"]
[SourceDate "2021.10.06"]
[SourceVersion "1"]
[SourceVersionDate "2021.10.06"]
[SourceQuality "1"]

1. e4 e5 2. Nc3 Nc6 3. Bc4 Nf6 4. d3 Na5 5. Nge2 Bc5 6. 0-0 0-0 7. Bg5 c6 8. a3 Nxc4 9. dxc4 b6 10. Qd3 Re8 11. Rad1 Rb8 12. b4 Be7 13. Ng3 h6 14. Bxf6 Bxf6 15. Nf5 d5 16. cxd5 cxd5 17. Nxd5 Bxf5 18. exf5 e4 19. Qa6 Ra8 20. Qb7 Qc8 21. Nxf6+ gxf6 22. Rd7 Qxb7 23. Rxb7 Rec8 24. Rc1 Rc3 25. Re7 Rxa3 26. c4 Rb3 27. c5 Rxb4 28. c6 Rc8 29. Kf1 Rd4 30. Rxa7 Rd6 31. c7 Rd7 32. Rb7 Kh7 33. Ke2 b5 34. Ke3 b4 35. Kxe4 b3 36. Rc6 Kg7 37. Rxb3 Rcxc7 38. Rg3+ Kh7 39. Rxf6 Rc4+ 40. Kf3 h5 41. Rg5 Ra7 42. g3 h4 43. Rh5+ 1-0

[Event "EU-ch U16 Girls 26th"]
[Site "Prague"]
[Date "2016.08.26"]
[Round "8"]
[White "Nemeth, Noemi Anna"]
[Black "Ambrozova, Lucie"]
[Result "1-0"]
[WhiteElo "1690"]
[BlackElo "1862"]
[PlyCount "119"]
[EventDate "2016.08.18"]
[EventType "swiss"]
[EventRounds "9"]
[EventCountry "CZE"]
[SourceTitle "CBM 174 Extra"]
[Source "ChessBase"]
[SourceDate "2016.10.10"]
[SourceVersion "1"]
[SourceVersionDate "2016.10.10"]
[SourceQuality "1"]

1. d4 Nf6 2. c4 g6 3. Nc3 d5 4. cxd5 Nxd5 5. Nf3 Bg7 6. Bg5 Nxc3 7. bxc3 0-0 8. Qb3 c5 9. e3 cxd4 10. exd4 Qc7 11. Rc1 Nc6 12. Be2 h6 13. Be3 Na5 14. Qb4 Rd8 15. 0-0 Be6 16. c4 Nc6 17. Qd2 g5 18. d5 Bf5 19. Nd4 Nxd4 20. Bxd4 Bxd4 21. Qxd4 b6 22. Rfe1 Rac8 23. Qe3 Qd6 24. Bh5 e6 25. g4 Bh7 26. Qf3 Rf8 27. Qf6 Qf4 28. Qxf4 gxf4 29. dxe6 fxe6 30. Rxe6 Bd3 31. Rxh6 Bxc4 32. a3 Bd5 33. Rd1 Bf3 34. Re1 Rc3 35. g5 Bxh5 36. Rxh5 Rxa3 37. g6 Kg7 38. Rg5 Kf6 39. Ree5 f3 40. h4 a5 41. Rgf5+ Kg7 42. Re7+ Kg8 43. Rh5 Rf4 44. Rd5 Raa4 45. h5 Rg4+ 46. Kh2 Raf4 47. Rd8+ Rf8 48. Rxf8+ Kxf8 49. Rf7+ Kg8 50. Kh3 Rg1 51. Rxf3 a4 52. Kh4 b5 53. Ra3 Kg7 54. f4 Kh6 55. Rd3 Rh1+ 56. Kg4 b4 57. Rd7 Rxh5 58. Rh7+ Kxg6 59. Rxh5 b3 60. Rb5 1-0

[Event "EU-ch U16 Girls 26th"]
[Site "Prague"]
[Date "2016.08.21"]
[Round "4"]
[White "Koehler, Inken"]
[Black "Ambrozova, Lucie"]
[Result "1-0"]
[WhiteElo "2008"]
[BlackElo "1862"]
[PlyCount "107"]
[EventDate "2016.08.18"]
[EventType "swiss"]
[EventRounds "9"]
[EventCountry "CZE"]
[SourceTitle "CBM 174 Extra"]
[Source "ChessBase"]
[SourceDate "2016.10.10"]
[SourceVersion "1"]
[SourceVersionDate "2016.10.10"]
[SourceQuality "1"]

1. e4 c5 2. Nf3 d6 3. Bb5+ Bd7 4. Bxd7+ Qxd7 5. c4 Nc6 6. Nc3 Nf6 7. d4 cxd4 8. Nxd4 g6 9. f3 Bg7 10. Nde2 0-0 11. 0-0 Rfc8 12. b3 Qd8 13. Be3 Qa5 14. Rc1 Rab8 15. Kh1 a6 16. a4 Qd8 17. Qd2 Na5 18. Rb1 Nd7 19. Nd5 e6 20. Nb6 Nxb6 21. Qxa5 Nd7 22. Qxd8+ Rxd8 23. Rfd1 Nc5 24. Bd4 Be5 25. Nc3 Rbc8 26. a5 Kf8 27. Kg1 Ke8 28. g3 g5 29. Kf2 h5 30. Ke3 g4 31. f4 Bxd4+ 32. Rxd4 Rc6 33. Na2 Ke7 34. Nb4 Rc7 35. Nd3 Rh8 36. Nf2 Nd7 37. Rbd1 Rc6 38. e5 d5 39. cxd5 Rc3+ 40. R1d3 Rxd3+ 41. Kxd3 Rc8 42. d6+ Kd8 43. Rc4 f5 44. exf6 Nxf6 45. Rxc8+ Kxc8 46. Ne4 Nd5 47. Nc5 Nb4+ 48. Kc3 Nc6 49. b4 Nd8 50. Kd4 Nc6+ 51. Kc4 e5 52. f5 Nd8 53. f6 Nf7 54. Kd5 1-0

[Event "EU-ch U16 Girls 26th"]
[Site "Prague"]
[Date "2016.08.19"]
[Round "2"]
[White "Olde, Margareth"]
[Black "Ambrozova, Lucie"]
[Result "1-0"]
[WhiteElo "2059"]
[BlackElo "1862"]
[PlyCount "77"]
[EventDate "2016.08.18"]
[EventType "swiss"]
[EventRounds "9"]
[EventCountry "CZE"]
[SourceTitle "CBM 174 Extra"]
[Source "ChessBase"]
[SourceDate "2016.10.10"]
[SourceVersion "1"]
[SourceVersionDate "2016.10.10"]
[SourceQuality "1"]

1. c4 g6 2. g3 Bg7 3. Bg2 Nf6 4. Nf3 d5 5. d4 0-0 6. 0-0 Nc6 7. cxd5 Nxd5 8. Nc3 Nb6 9. e3 e5 10. d5 Na5 11. Ne1 Nac4 12. Nc2 Nd6 13. b3 a5 14. a4 f5 15. Bb2 Nd7 16. Ba3 Rf6 17. Rc1 f4 18. exf4 exf4 19. Bxd6 Rxd6 20. Nb5 Rb6 21. Ncd4 Nf6 22. Nxc7 Rb8 23. Nde6 Bxe6 24. Nxe6 Qd6 25. Nxf4 Bh6 26. Rc4 Bxf4 27. Rxf4 Rd8 28. Re1 Nd7 29. Re6 Qa3 30. Qe1 Rxe6 31. dxe6 Re8 32. Bd5 Nb6 33. e7+ Nxd5 34. Qe6+ Kh8 35. Qe5+ Kg8 36. Qxd5+ Kh8 37. Qe5+ Kg8 38. Qe6+ Kh8 39. Qf6+ 1-0

[Event "EU-ch U16 Girls 26th"]
[Site "Prague"]
[Date "2016.08.18"]
[Round "1"]
[White "Ambrozova, Lucie"]
[Black "Condes, Alexie Sheen"]
[Result "1-0"]
[WhiteElo "1862"]
[BlackElo "1469"]
[PlyCount "33"]
[EventDate "2016.08.18"]
[EventType "swiss"]
[EventRounds "9"]
[EventCountry "CZE"]
[SourceTitle "CBM 174 Extra"]
[Source "ChessBase"]
[SourceDate "2016.10.10"]
[SourceVersion "1"]
[SourceVersionDate "2016.10.10"]
[SourceQuality "1"]

1. e4 e5 2. Nc3 Nf6 3. f4 exf4 4. e5 Ng8 5. Nf3 d6 6. Bc4 Be6 7. Bxe6 fxe6 8. exd6 Bxd6 9. Qe2 Qe7 10. d4 Nf6 11. 0-0 0-0 12. Ng5 Re8 13. Bxf4 Nc6 14. Be3 Rad8 15. Rad1 e5 16. Qc4+ Kf8 17. Nxh7# 1-0

[Event "CZE-chT U18 Extraliga final-A 1516"]
[Site "Czech Republic"]
[Date "2016.04.24"]
[Round "11.6"]
[White "Ambrozova, Lucie"]
[Black "Vorisek, Jakub"]
[Result "1-0"]
[WhiteElo "1824"]
[BlackElo "1719"]
[PlyCount "69"]
[EventDate "2015.10.03"]
[EventType "team-tourn"]
[EventRounds "11"]
[EventCountry "CZE"]
[SourceTitle "EXT 2022"]
[Source "ChessBase"]
[SourceDate "2021.10.06"]
[SourceVersion "1"]
[SourceVersionDate "2021.10.06"]
[SourceQuality "1"]
[WhiteTeam "Stare Mesto U18"]
[BlackTeam "Vlasim U18"]
[WhiteTeamCountry "CZE"]
[BlackTeamCountry "CZE"]

1. e4 c5 2. Nf3 Nc6 3. d4 cxd4 4. Nxd4 g6 5. c4 Bg7 6. Be3 Nf6 7. Nc3 d6 8. Be2 0-0 9. 0-0 Nxd4 10. Bxd4 Bd7 11. Qd2 Bc6 12. f3 a5 13. b3 Nd7 14. Be3 Nc5 15. Rab1 Qb6 16. Rfc1 Rfc8 17. Rc2 Qd8 18. a3 Qf8 19. b4 axb4 20. axb4 Na4 21. Nd5 Bxd5 22. exd5 b6 23. Bf1 f5 24. Re1 Bf6 25. Bg5 Qg7 26. Bxf6 Qxf6 27. Re6 Qg7 28. Qe3 Kf8 29. g4 fxg4 30. fxg4 Rd8 31. c5 dxc5 32. Rf2+ Kg8 33. Rxe7 Qd4 34. Qe6+ Kh8 35. Qf7 1-0

[Event "CZE-chT U18 Extraliga Ost 1516"]
[Site "Czech Republic"]
[Date "2016.01.23"]
[Round "6.6"]
[White "Ambrozova, Lucie"]
[Black "Demkova, Ester"]
[Result "1-0"]
[WhiteElo "1824"]
[BlackElo "1263"]
[PlyCount "41"]
[EventDate "2015.10.03"]
[EventType "team-tourn"]
[EventRounds "11"]
[EventCountry "CZE"]
[SourceTitle "EXT 2022"]
[Source "ChessBase"]
[SourceDate "2021.10.06"]
[SourceVersion "1"]
[SourceVersionDate "2021.10.06"]
[SourceQuality "1"]
[WhiteTeam "Stare Mesto U18"]
[BlackTeam "Orlova Slavia U18 II"]
[WhiteTeamCountry "CZE"]
[BlackTeamCountry "CZE"]

1. e4 e5 2. Nc3 Nf6 3. f4 d6 4. Nf3 Nc6 5. Bb5 Bd7 6. 0-0 exf4 7. d4 a6 8. Bc4 Bg4 9. Bxf4 Be7 10. Qd3 Nd7 11. Nd5 h6 12. Nxe7 Nxe7 13. Rae1 0-0 14. Nd2 Re8 15. Qg3 Bh5 16. Bxh6 Ng6 17. Rxf7 Kh7 18. Bxg7 Qb8 19. Bf6+ Kg8 20. Rxd7+ Kf8 21. Bg7# 1-0

[Event "CZE-ch U18/20 Girls"]
[Site "Doksy"]
[Date "2015.11.17"]
[Round "5"]
[White "Fuskova, Martina"]
[Black "Ambrozova, Lucie"]
[Result "1-0"]
[WhiteElo "2040"]
[BlackElo "1809"]
[PlyCount "61"]
[EventDate "2015.11.14"]
[EventType "swiss"]
[EventRounds "9"]
[EventCountry "CZE"]
[SourceTitle "EXT 2022"]
[Source "ChessBase"]
[SourceDate "2021.10.06"]
[SourceVersion "1"]
[SourceVersionDate "2021.10.06"]
[SourceQuality "1"]

1. e4 c5 2. Nf3 e6 3. d4 cxd4 4. Nxd4 a6 5. Nc3 Qc7 6. Be2 Nf6 7. 0-0 Bb4 8. Qd3 Bxc3 9. bxc3 0-0 10. f4 d6 11. Ba3 Rd8 12. Rad1 b5 13. Bf3 Bb7 14. Nb3 d5 15. e5 Ne8 16. f5 Nd7 17. fxe6 fxe6 18. Bg4 Qxe5 19. Rde1 Qg5 20. Bxe6+ Kh8 21. Bxd7 Nf6 22. Bh3 Re8 23. Nc5 Rxe1 24. Rxe1 Bc6 25. Ne6 Qh4 26. Rf1 Ne4 27. Qd4 Qh6 28. Bf8 Kg8 29. Bxg7 Qh4 30. Nc7 Rb8 31. Be6# 1-0